| 000 | 00652nam a2200253Ia 4500 | ||
|---|---|---|---|
| 003 | 0100 | ||
| 008 | 130227s9999 xx 000 0 und d | ||
| 020 | _a9780199556700 | ||
| 040 | _cARRUPELIB | ||
| 050 | _aB445.A5C776 | ||
| 100 | _aAristotle | ||
| 245 | _aTime for Aristotle | ||
| 245 | _bPhysics book IV. 10-14 | ||
| 260 | _aOxford | ||
| 260 | _bClarendon Press | ||
| 260 | _C2005 | ||
| 300 | _a194p | ||
| 300 | _b 22cm | ||
| 650 | _bThomas, Aquinas, Saint, 1225?-1274 | ||
| 650 | _cChristian ethics - Catholic authors | ||
| 650 | _dEmotions - Religious aspects - Catholic Church | ||
| 700 | _aCoope, Ursula (tr) | ||
| 942 |
_2lcc _01 |
||
| 999 |
_c2519 _d2519 |
||